[Event "Wijk aan Zee 74/353"]
[Site "?"]
[Date "1999.??.??"]
[Round "?"]
[White "Anand, Viswanathan"]
[Black "Timman, Jan H"]
[Result "1-0"]
[WhiteElo "2781"]
[BlackElo "2670"]
[PlyCount "79"]
[EventDate "1999.??.??"]
[Source "ChessBase"]
[SourceDate "1998.10.01"]

1. e4 e5 2. Nf3 Nc6 3. Bb5 Nf6 4. O-O Nxe4 5. d4 Be7 6. Qe2 Nd6 7. Bxc6 bxc6 8. dxe5 Nb7 9. Nc3 O-O 10. Re1 Nc5 11. Nd4 Ne6 12. Nxe6 fxe6 13. b3 Qe8 14. Be3 Rf5 15. Ne4 a5 16. Bd4 a4 17. c4 Bb7 18. Ng3 Rf4 19. Be3 Rf7 20. c5 Ba6 21. Qd2 Bh4 22. Ne4 Rf5 23. Qd4 Be7 24. Ng3 Rf8 25. Qxa4 h5 26. h3 Bd3 27. Qd4 Qg6 28. h4 Rfd8 29. Bg5 Bxg5 30. hxg5 Ra3 31. Qh4 Rda8 32. Nxh5 Bc2 33. Nf4 Qh7 34. Qg4 Bxb3 35. Re3 R8a4 36. Rh3 Qf5 37. Qxf5 exf5 38. g6 Kf8 39. Rh8+ Bg8 40. Rd1 1-0

[Event "LXI Lega superiore camp. russo"]
[Site "Novokuznetsk RUS"]
[Date "2008.09.08"]
[Round "6"]
[White "Kokarev, Dm"]
[Black "Zvjaginsev, V."]
[Result "1/2-1/2"]
[WhiteElo "2582"]
[BlackElo "2663"]
[PlyCount "85"]
[EventDate "2008.09.03"]
[Source "www.chesslib.no"]
[SourceDate "2004.05.04"]

1. e4 e5 2. Nf3 Nc6 3. Bb5 Nf6 4. O-O Nxe4 5. d4 Be7 6. Qe2 Nd6 7. Bxc6 bxc6 8. dxe5 Nb7 9. Re1 O-O 10. Nd4 Bc5 11. c3 Re8 12. Bf4 Bxd4 13. cxd4 c5 14. Qd2 cxd4 15. Qxd4 d5 16. Nc3 Be6 17. Na4 Qe7 18. Rac1 Rec8 19. Nc5 Nxc5 20. Rxc5 a5 21. Rec1 a4 22. h3 h6 23. Kh2 Rab8 24. Bd2 c6 25. Rxc6 Rxc6 26. Rxc6 Qb7 27. Rc2 Qb5 28. Bc1 Rc8 29. Rxc8+ Bxc8 30. Be3 Bf5 31. Qc3 Qc4 32. Bd4 Bb1 33. Qe3 Bxa2 34. e6 Qc7+ 35. f4 fxe6 36. Qxe6+ Qf7 37. Qe5 h5 38. Kg3 Qg6+ 39. Kh2 Bb1 40. Qxd5+ Kh7 41. Qe5 Bd3 42. Qg5 Qxg5 43. fxg5 1/2-1/2

[Event "Tilburg"]
[Site "Tilburg"]
[Date "1988.??.??"]
[Round "?"]
[White "Huebner, Robert"]
[Black "Portisch, Lajos"]
[Result "1/2-1/2"]
[WhiteElo "2600"]
[BlackElo "2630"]
[PlyCount "32"]
[EventDate "1988.09.??"]
[Source "ChessBase"]

1. e4 e5 2. Nf3 Nc6 3. Bb5 Nf6 4. O-O Nxe4 5. d4 Be7 6. Qe2 Nd6 7. Bxc6 bxc6 8. dxe5 Nb7 9. Nc3 O-O 10. Nd4 Bc5 11. Rd1 Re8 12. Bf4 Bxd4 13. Rxd4 Nc5 14. Bg3 d5 15. Qh5 Qd7 16. Re1 Qf5 1/2-1/2

[Event "Luzern 71/332"]
[Site "?"]
[Date "1997.??.??"]
[Round "?"]
[White "Kotsur, Pavel"]
[Black "Ivanchuk, Vassily"]
[Result "0-1"]
[WhiteElo "2500"]
[BlackElo "2725"]
[PlyCount "74"]
[EventDate "1997.??.??"]
[Source "ChessBase"]
[SourceDate "1997.10.01"]

1. e4 e5 2. Nf3 Nc6 3. Bb5 Nf6 4. O-O Nxe4 5. d4 Be7 6. Qe2 Nd6 7. Bxc6 bxc6 8. dxe5 Nb7 9. Nc3 O-O 10. Be3 d5 11. exd6 cxd6 12. Nd4 Bd7 13. b4 Re8 14. b5 cxb5 15. Ncxb5 Bf6 16. Rad1 a6 17. Nc3 Qa5 18. Qf3 Qxc3 19. Qxb7 Red8 20. Rd3 Qc4 21. a3 d5 22. Qb4 Rac8 23. Qd2 Re8 24. h3 Be7 25. Rb1 Bf8 26. Rbb3 Ba4 27. Rb2 Qc7 28. Bf4 Qe7 29. Be3 Rb8 30. Rxb8 Rxb8 31. Qa5 Rb1+ 32. Kh2 Qd6+ 33. g3 Bd7 34. Nb3 Bf5 35. Bc5 Bxd3 36. cxd3 Qf6 37. Nd2 Rb5 0-1

[Event "Elista ol (Men)"]
[Site "Elista"]
[Date "1998.10.05"]
[Round "7"]
[White "Markovic, Miroslav"]
[Black "Piket, Jeroen"]
[Result "0-1"]
[WhiteElo "2575"]
[BlackElo "2605"]
[PlyCount "78"]
[EventDate "1998.09.29"]
[Source "ChessBase"]
[SourceDate "1998.11.06"]

1. e4 e5 2. Nf3 Nc6 3. Bb5 Nf6 4. O-O Nxe4 5. d4 Be7 6. Qe2 Nd6 7. Bxc6 bxc6 8. dxe5 Nb7 9. Nd4 O-O 10. Nc3 Bc5 11. Rd1 Re8 12. Bf4 Bxd4 13. Rxd4 d5 14. Qh5 Qd7 15. b4 Nd8 16. Rd2 Ne6 17. Be3 a5 18. Qh4 Qd8 19. Qg4 f5 20. Qxf5 axb4 21. Ne2 c5 22. f4 g6 23. Qg4 Ra3 24. Bf2 Nd4 25. Qh4 Qxh4 26. Bxh4 Nxe2+ 27. Rxe2 Be6 28. h3 d4 29. Rf2 h5 30. Kh2 Kf7 31. Bf6 Rea8 32. Rg1 Rxa2 33. g4 hxg4 34. hxg4 d3 35. f5 dxc2 36. fxe6+ Kxe6 37. Kg2 b3 38. Bg5 b2 39. Rxc2 Kxe5 0-1

[Event "CCOL10 fin 8893"]
[Site "CCOL10 fin 8893"]
[Date "1988.??.??"]
[Round "?"]
[White "Sanakoev, Grigory Konstant'ch"]
[Black "Burger, Heinrich"]
[Result "0-1"]
[WhiteElo "2595"]
[BlackElo "2570"]
[PlyCount "92"]
[EventDate "1988.??.??"]
[Source "www.chesslib.no"]
[SourceDate "2004.05.04"]

1. e4 e5 2. Nf3 Nc6 3. Bb5 Nf6 4. O-O Nxe4 5. d4 Be7 6. dxe5 d5 7. c4 dxc4 8. Nd4 Bd7 9. Nxc6 Bxc6 10. Bxc6+ bxc6 11. Qg4 Qd5 12. Nc3 Nxc3 13. bxc3 Qe6 14. Qxg7 O-O-O 15. Qh6 Rd3 16. Rb1 Qxh6 17. Bxh6 Rhd8 18. Rbc1 R8d5 19. Bf4 Kd7 20. g4 Ke6 21. Kg2 Rb5 22. Rc2 a5 23. Re1 a4 24. Re4 a3 25. Bc1 Rb1 26. Rxc4 Rd1 27. Bxa3 Bxa3 28. Rxc6+ Kd7 29. Rh6 Rg1+ 30. Kf3 Rb2 31. Rxb2 Bxb2 32. Rf6 Ke7 33. Rc6 Kd8 34. e6 fxe6 35. Rxe6 Bxc3 36. Rh6 Kd7 37. Rxh7+ Kd6 38. h4 c5 39. g5 c4 40. Rf7 Bb4 41. Rf8 c3 42. Rd8+ Ke5 43. Re8+ Kd5 44. Re2 Bc5 45. a4 Kc4 46. a5 Kd3 0-1

[Event "RUS Team Ch"]
[Site "Podolsk RUS"]
[Date "1992.??.??"]
[Round "?"]
[White "Ulibin, Mikhail"]
[Black "Vladimirov, Evgeny Y"]
[Result "1-0"]
[WhiteElo "2585"]
[BlackElo "2575"]
[PlyCount "41"]
[EventDate "1992.??.??"]
[Source "www.chesslib.no"]
[SourceDate "2004.05.04"]

1. e4 e5 2. Nf3 Nc6 3. Bb5 Nf6 4. O-O Nxe4 5. d4 Be7 6. Qe2 Nd6 7. Bxc6 bxc6 8. dxe5 Nf5 9. Qe4 g6 10. Nd4 Nxd4 11. Qxd4 d5 12. exd6 O-O 13. Bh6 Bf6 14. Qc5 Re8 15. dxc7 Qxc7 16. Nc3 Qb6 17. Qd6 Be6 18. Ne4 Qxb2 19. c3 Bxc3 20. Rab1 Qc2 21. Qc5 1-0

[Event "Kusadasi TUR"]
[Site "?"]
[Date "2006.04.12"]
[Round "8"]
[White "Galkin Alexander"]
[Black "Turov Maxim"]
[Result "1/2-1/2"]
[WhiteElo "2616"]
[BlackElo "2539"]
[PlyCount "26"]
[EventDate "2006.??.??"]
[Source "www.chesslib.no"]
[SourceDate "2004.05.04"]

1. e4 e5 2. Nf3 Nc6 3. Bb5 Nf6 4. O-O Nxe4 5. d4 Be7 6. Qe2 Nd6 7. Bxc6 bxc6 8. dxe5 Nb7 9. Re1 O-O 10. Nc3 Re8 11. Bf4 d5 12. Nd4 Bc5 13. Rad1 Bxd4 1/2-1/2

[Event "Nederland (ch) 73/372"]
[Site "?"]
[Date "1998.??.??"]
[Round "?"]
[White "Nijboer, Friso"]
[Black "Piket, Jeroen"]
[Result "1-0"]
[WhiteElo "2580"]
[BlackElo "2575"]
[PlyCount "80"]
[EventDate "1998.??.??"]
[Source "ChessBase"]
[SourceDate "1998.06.01"]

1. e4 e5 2. Nf3 Nc6 3. Bb5 Nf6 4. O-O Nxe4 5. d4 Be7 6. d5 Nb8 7. Nxe5 O-O 8. Re1 Nf6 9. Be2 Re8 10. Nc4 d6 11. Nc3 Nbd7 12. f4 Bf8 13. Bf3 Rxe1+ 14. Qxe1 Nb6 15. Ne3 Bd7 16. a4 c6 17. a5 Nbxd5 18. Nexd5 cxd5 19. Be3 Bc6 20. Bd4 a6 21. Na4 Bxa4 22. Rxa4 Rc8 23. c3 Qd7 24. Qd1 Ne4 25. Bb6 Re8 26. Rb4 Qc6 27. Rd4 Qb5 28. Rb4 Qc6 29. Qd4 g6 30. g3 Bg7 31. Qd3 h5 32. Kg2 f5 33. Bg1 Re7 34. Qd1 Kh7 35. Qd3 Kh6 36. Ba7 Nc5 37. Qxd5 Re2+ 38. Kh3 Qxd5 39. Bxd5 Nd3 40. Rxb7 Nxb2 1-0

[Event "WJun"]
[Site "?"]
[Date "2005.11.14"]
[Round "6"]
[White "Alekseev Evgeny"]
[Black "Kurnosov Igor"]
[Result "1-0"]
[WhiteElo "2632"]
[BlackElo "2523"]
[PlyCount "113"]
[EventDate "2005.??.??"]
[Source "www.chesslib.no"]
[SourceDate "2004.05.04"]

1. e4 e5 2. Nf3 Nc6 3. Bb5 Nf6 4. O-O Nxe4 5. d4 Be7 6. Qe2 Nd6 7. Bxc6 dxc6 8. dxe5 Nf5 9. Rd1 Bd7 10. Nc3 O-O 11. Ne4 Qe8 12. b3 b6 13. Bb2 c5 14. Nc3 Be6 15. Nd5 Bd8 16. Qe4 Rb8 17. Nf4 Ne7 18. Nxe6 fxe6 19. g3 Qc6 20. Ng5 Qxe4 21. Nxe4 Nc6 22. c4 Be7 23. Rd7 Rbc8 24. Rad1 Rf7 25. Bc3 Kf8 26. f4 Ke8 27. R7d2 Rd8 28. Kg2 h6 29. Kf3 g5 30. Rxd8+ Bxd8 31. Kg4 Rf5 32. Bd2 Nd4 33. Be3 Nc2 34. Bd2 Nd4 35. Nf2 h5+ 36. Kh3 Nf3 37. Nd3 g4+ 38. Kg2 h4 39. h3 Nxd2 40. hxg4 Nxc4 41. bxc4 Rf7 42. Nf2 hxg3 43. Kxg3 Bh4+ 44. Kxh4 Rxf4 45. Nh3 Rxc4 46. Kg5 Ke7 47. Nf4 Re4 48. Ng6+ Ke8 49. Rg1 c4 50. Kf6 c3 51. Kxe6 Rc4 52. Kd5 b5 53. e6 c6+ 54. Kd6 Rd4+ 55. Kxc6 c2 56. Rf1 Rf4 57. Nxf4 1-0

[Event "Kazan RUS"]
[Site "?"]
[Date "2005.09.06"]
[Round "4"]
[White "Belov Vladimir"]
[Black "Bezgodov Alexei"]
[Result "1-0"]
[WhiteElo "2596"]
[BlackElo "2548"]
[PlyCount "107"]
[EventDate "2005.??.??"]
[Source "www.chesslib.no"]
[SourceDate "2004.05.04"]

1. e4 e5 2. Nf3 Nc6 3. Bb5 Nf6 4. O-O Nxe4 5. d4 Be7 6. Qe2 Nd6 7. Bxc6 dxc6 8. dxe5 Nf5 9. Rd1 Bd7 10. e6 fxe6 11. Ne5 Bd6 12. Qh5+ g6 13. Nxg6 Ng7 14. Qh6 Nf5 15. Qh5 Ng7 16. Qh6 Nf5 17. Qh3 Rg8 18. Qxh7 Rg7 19. Qh5 Qf6 20. Nf4+ Rf7 21. Nc3 Ng7 22. Qh8+ Rf8 23. Qh7 Bxf4 24. Bxf4 Qxf4 25. Qxg7 Qxf2+ 26. Kh1 O-O-O 27. Ne4 Qf5 28. Ng3 Qf7 29. Qxf7 Rxf7 30. Kg1 c5 31. Rd2 Bc6 32. Rxd8+ Kxd8 33. Nf1 a5 34. Ne3 a4 35. Rf1 Rh7 36. a3 b5 37. h3 Rh4 38. Ng4 Be4 39. Rf2 Ke7 40. Kh2 Rh8 41. Ne3 Kd6 42. g4 Ke5 43. g5 Bg6 44. Kg3 b4 45. Ng4+ Kd5 46. Rd2+ Ke4 47. h4 bxa3 48. bxa3 Rb8 49. Rh2 Rb1 50. Nf6+ Kf5 51. Rf2+ Ke5 52. Re2+ Kf5 53. Ng8 Rg1+ 54. Kh2 1-0

[Event "Rio de Janeiro Interzonal+"]
[Site "Rio de Janeiro"]
[Date "1979.??.??"]
[Round "1"]
[White "Mecking, Henrique"]
[Black "Ivkov, Borislav"]
[Result "1/2-1/2"]
[WhiteElo "2615"]
[BlackElo "2525"]
[PlyCount "33"]
[EventDate "1979.09.??"]
[Source "ChessBase"]

1. e4 e5 2. Nf3 Nc6 3. Bb5 Nf6 4. O-O Nxe4 5. d4 Be7 6. Qe2 Nd6 7. Bxc6 bxc6 8. dxe5 Nb7 9. b3 O-O 10. Bb2 Re8 11. Nbd2 Bf8 12. Rfd1 d6 13. Nf1 Nc5 14. Ng3 a5 15. h3 a4 16. Qd2 Be6 17. exd6 1/2-1/2

[Event "SWE-chT 9899"]
[Site "Sweden"]
[Date "1999.??.??"]
[Round "10"]
[White "Hellers, Ferdinand"]
[Black "Ingbrandt, Johan"]
[Result "1-0"]
[WhiteElo "2677"]
[BlackElo "2458"]
[PlyCount "79"]
[EventDate "1998.??.??"]
[Source "www.chesslib.no"]
[SourceDate "2004.05.04"]

1. e4 e5 2. Nf3 Nc6 3. Bb5 Nf6 4. O-O Nxe4 5. d4 Be7 6. Qe2 Nd6 7. Bxc6 bxc6 8. dxe5 Nb7 9. Nc3 O-O 10. Re1 Nc5 11. Be3 Ne6 12. Rad1 f6 13. Nd4 Nxd4 14. Bxd4 fxe5 15. Bxe5 Rf7 16. Qc4 d6 17. Qxc6 Bg4 18. Rd2 Bg5 19. f4 Bh4 20. g3 Bd7 21. Qc4 Be7 22. Ne4 Qc8 23. Bc3 Be6 24. Qd4 h6 25. Rde2 Bg4 26. Re3 Bf8 27. Nf2 Bd7 28. Qd5 c6 29. Qf3 c5 30. g4 Bc6 31. Qg3 d5 32. Be5 Qd7 33. c3 Re8 34. g5 d4 35. cxd4 cxd4 36. Rd3 hxg5 37. Qxg5 Rxe5 38. Rxe5 Bd6 39. Rxd4 Qc7 40. Re6 1-0

[Event "Reggio Emilia 8485"]
[Site "Reggio Emilia"]
[Date "1984.??.??"]
[Round "6"]
[White "Lobron, Eric"]
[Black "Portisch, Lajos"]
[Result "1/2-1/2"]
[WhiteElo "2495"]
[BlackElo "2640"]
[PlyCount "52"]
[EventDate "1984.12.??"]
[Source "ChessBase"]

1. e4 e5 2. Nf3 Nc6 3. Bb5 Nf6 4. O-O Nxe4 5. d4 Be7 6. Qe2 Nd6 7. Bxc6 bxc6 8. dxe5 Nb7 9. Nc3 O-O 10. Re1 Nc5 11. Be3 Ne6 12. Rad1 Bb4 13. Qd3 Qe7 14. Nd4 Nxd4 15. Bxd4 d5 16. exd6 Qxd6 17. a3 Ba5 18. Qc4 Be6 19. Qa4 Bxc3 20. Bxc3 Bd5 21. Re3 Rfe8 22. Rg3 f6 23. Qg4 Re7 24. h4 Rae8 25. Rd4 Rf7 26. Qf4 Re2 1/2-1/2

[Event "New York op"]
[Site "New York"]
[Date "1987.??.??"]
[Round "?"]
[White "Spassky, Boris V"]
[Black "Rohde, Michael A"]
[Result "1/2-1/2"]
[WhiteElo "2605"]
[BlackElo "2530"]
[PlyCount "53"]
[EventDate "1987.04.??"]
[Source "ChessBase"]

1. e4 e5 2. Nf3 Nc6 3. Bb5 Nf6 4. O-O Nxe4 5. d4 Be7 6. Qe2 Nd6 7. Bxc6 bxc6 8. dxe5 Nf5 9. Qe4 g6 10. Nd4 Nxd4 11. Qxd4 O-O 12. Bh6 Re8 13. Nd2 d5 14. Nb3 Rb8 15. a3 Bf5 16. Qc3 c5 17. Nxc5 d4 18. Qc4 Rxb2 19. e6 f6 20. Nd3 Rb6 21. Rfe1 Qd6 22. Qa4 Rd8 23. Bf4 Qc6 24. Qxa7 Ra6 25. Qxc7 Qxc7 26. Bxc7 Rc8 27. Bf4 1/2-1/2

[Event "Rio Hondo"]
[Site "Rio Hondo"]
[Date "1987.??.??"]
[Round "4"]
[White "Tal, Mikhail N"]
[Black "Panno, Oscar R"]
[Result "1/2-1/2"]
[WhiteElo "2605"]
[BlackElo "2520"]
[PlyCount "144"]
[EventDate "1987.09.??"]
[Source "www.chesslib.no"]
[SourceDate "2004.05.04"]

1. e4 e5 2. Nf3 Nc6 3. Bb5 Nf6 4. O-O Nxe4 5. d4 Be7 6. Qe2 Nd6 7. Bxc6 bxc6 8. dxe5 Nb7 9. c4 O-O 10. Nc3 f6 11. Bd2 fxe5 12. Nxe5 Bf6 13. Rae1 Re8 14. Qh5 Rxe5 15. Rxe5 Bxe5 16. Qxe5 d6 17. Qg3 Bf5 18. Re1 Qd7 19. Ne4 Bxe4 20. Rxe4 Nc5 21. Re1 Re8 22. Rxe8+ Qxe8 23. Bc3 Qe7 24. b3 a6 25. Qg4 Ne6 26. h3 Qf7 27. Qe4 Qd7 28. Qf5 c5 29. Qg4 c6 30. f4 Qe7 31. Kh2 Kf8 32. f5 Ng5 33. h4 Ne4 34. Bxg7+ Qxg7 35. Qxe4 Qd4 36. Qe1 d5 37. Qg3 Qf6 38. Qb8+ Kg7 39. Qc7+ Kh8 40. Qc8+ Kg7 41. Qd7+ Kg8 42. Qc8+ Kf7 43. Qc7+ Qe7 44. Qxe7+ Kxe7 45. Kg3 d4 46. Kf4 h5 47. g4 hxg4 48. Kxg4 a5 49. h5 Kf6 50. h6 Kf7 51. Kf4 Kf6 52. Ke4 Kf7 53. Ke5 d3 54. h7 Kg7 55. Ke6 d2 56. f6+ Kxh7 57. f7 d1=Q 58. f8=Q Qe2+ 59. Kd7 Qxa2 60. Qe7+ Kg8 61. Qe6+ Kg7 62. Qe5+ Kf7 63. Qf4+ Kg6 64. Qg3+ Kh5 65. Kxc6 a4 66. Qe5+ Kh4 67. Qe4+ Kg3 68. Qe5+ Kf3 69. bxa4 Qxa4+ 70. Kxc5 Qa5+ 71. Kd6 Qa6+ 72. Kd5 Qa8+ 1/2-1/2

[Event "MK Cafe Cup-A"]
[Site "Koszalin"]
[Date "1999.08.03"]
[Round "1"]
[White "Brodsky, Michail"]
[Black "Magomedov, Magaram"]
[Result "1/2-1/2"]
[WhiteElo "2512"]
[BlackElo "2604"]
[PlyCount "61"]
[EventDate "1999.08.03"]
[Source "ChessBase"]
[SourceDate "1999.12.01"]

1. e4 e5 2. Nf3 Nc6 3. Bb5 Nf6 4. O-O Nxe4 5. d4 Be7 6. Qe2 Nd6 7. Bxc6 bxc6 8. dxe5 Nb7 9. Nc3 O-O 10. Re1 Nc5 11. Be3 Ne6 12. Rad1 d5 13. exd6 cxd6 14. Nd4 Nxd4 15. Bxd4 Re8 16. Qe3 Bf5 17. Qd2 Bf8 18. Ne2 d5 19. Be3 a5 20. Nd4 Bd7 21. Nb3 a4 22. Nc5 Bf5 23. b4 axb3 24. cxb3 Bd6 25. h3 Qf6 26. b4 Qg6 27. Kh1 Qh5 28. Bf4 Bxc5 29. bxc5 h6 30. Rxe8+ Rxe8 31. Re1 1/2-1/2

[Event "Groningen"]
[Site "Groningen"]
[Date "1989.??.??"]
[Round "?"]
[White "Hellers, Ferdinand"]
[Black "Anand, Viswanathan"]
[Result "1/2-1/2"]
[WhiteElo "2560"]
[BlackElo "2555"]
[PlyCount "74"]
[EventDate "1989.12.??"]
[Source "ChessBase"]

1. e4 e5 2. Nf3 Nc6 3. Bb5 Nf6 4. O-O Nxe4 5. d4 Be7 6. Qe2 Nd6 7. Bxc6 bxc6 8. dxe5 Nb7 9. Nc3 O-O 10. Re1 Nc5 11. Be3 Ne6 12. Rad1 d5 13. exd6 cxd6 14. Nd4 Nxd4 15. Bxd4 Re8 16. Qf3 d5 17. Na4 Bf8 18. Bc5 Rxe1+ 19. Rxe1 Qa5 20. b4 Qd8 21. Bxf8 Qxf8 22. Qc3 Bd7 23. a3 h6 24. f3 Qd8 25. Nc5 a5 26. bxa5 Bf5 27. Nb3 Qd6 28. Qb4 c5 29. Nxc5 Rb8 30. Qd4 Rb5 31. a6 Rxc5 32. Re8+ Kh7 33. a7 Rc4 34. Qf2 Rxc2 35. a8=Q Rxf2 36. Kxf2 Qc5+ 37. Kg3 Qc7+ 1/2-1/2

[Event "Vilnius"]
[Site "Vilnius LTU"]
[Date "1972.??.??"]
[Round "?"]
[White "Kapengut, Albert Z"]
[Black "Tal, Mikhail N"]
[Result "1-0"]
[WhiteElo "2485"]
[BlackElo "2625"]
[PlyCount "117"]
[EventDate "1972.??.??"]
[Source "www.chesslib.no"]
[SourceDate "2004.05.04"]

1. e4 e5 2. Nf3 Nc6 3. Bb5 Nf6 4. O-O Nxe4 5. d4 Be7 6. Qe2 Nd6 7. Bxc6 bxc6 8. dxe5 Nb7 9. Nd4 O-O 10. Rd1 Bc5 11. b4 Bxd4 12. Rxd4 Re8 13. Nc3 d6 14. Bf4 c5 15. bxc5 Nxc5 16. Bg3 Qg5 17. Nd5 Qd8 18. Qh5 Re6 19. Nf6+ Rxf6 20. exf6 Qxf6 21. Re1 Be6 22. c3 Rb8 23. Bh4 Qg6 24. Qxg6 hxg6 25. Rb4 Rxb4 26. cxb4 Nd3 27. Re4 Bxa2 28. b5 Ne5 29. Ra4 Bb3 30. Rxa7 Bc4 31. Rb7 f6 32. Bg3 Nf7 33. f3 Kf8 34. Be1 Nd8 35. Rb8 Ke7 36. Ba5 Kd7 37. Kf2 Ne6 38. Ke3 Bf1 39. g3 g5 40. f4 gxf4+ 41. gxf4 Bh3 42. b6 cxb6 43. Rxb6 d5 44. Bb4 d4+ 45. Ke4 Bg2+ 46. Kf5 Bh3+ 47. Kg6 Nxf4+ 48. Kxg7 f5 49. Rd6+ Kc7 50. Kf6 Ne2 51. Ke5 f4 52. Ba5+ Kb7 53. Rb6+ Kc8 54. Rb3 Bg4 55. Kd6 Nc3 56. Bxc3 dxc3 57. Rxc3+ Kd8 58. Rc4 Ke8 59. Rxf4 1-0

[Event "New York op"]
[Site "New York"]
[Date "1987.??.??"]
[Round "?"]
[White "Kudrin, Sergey"]
[Black "Spassky, Boris V"]
[Result "1/2-1/2"]
[WhiteElo "2505"]
[BlackElo "2605"]
[PlyCount "27"]
[EventDate "1987.04.??"]
[Source "ChessBase"]

1. e4 e5 2. Nf3 Nc6 3. Bb5 Nf6 4. O-O Nxe4 5. d4 Be7 6. Qe2 Nd6 7. Bxc6 bxc6 8. dxe5 Nf5 9. Qe4 g6 10. b3 O-O 11. Bb2 Bb7 12. Nbd2 d5 13. Qf4 c5 14. c4 1/2-1/2

[Event "94th ch-GBR"]
[Site "Great Yarmouth ENG"]
[Date "2007.08.06"]
[Round "7"]
[White "Rowson, J."]
[Black "Kosten, A."]
[Result "1/2-1/2"]
[WhiteElo "2599"]
[BlackElo "2508"]
[PlyCount "88"]
[EventDate "2007.07.30"]
[Source "www.chesslib.no"]
[SourceDate "2004.05.04"]

1. e4 e5 2. Nf3 Nc6 3. Bb5 Nf6 4. O-O Nxe4 5. d4 Be7 6. Qe2 Nd6 7. Bxc6 dxc6 8. dxe5 Nf5 9. Rd1 Bd7 10. e6 fxe6 11. Ne5 Bd6 12. Qh5+ g6 13. Nxg6 Ng7 14. Qh6 Nf5 15. Qh5 Ng7 16. Qh6 Nf5 17. Qh3 Rg8 18. Qxh7 Rg7 19. Qh5 Qf6 20. Ne5+ Ke7 21. Ng4 Qg6 22. Qxg6 Rxg6 23. h3 e5 24. c3 Nh4 25. f3 Bc5+ 26. Kf1 Bf5 27. Na3 e4 28. Be3 Bxe3 29. Nxe3 Be6 30. Rd4 Rag8 31. Rxe4 Nxg2 32. Ng4 Nh4 33. Kf2 Rf8 34. Re3 Nf5 35. Rd3 Rh8 36. Rh1 Rg7 37. Nc2 Rgh7 38. f4 Nd6 39. Re1 Kf7 40. Ne5+ Kf6 41. Nd4 Bxh3 42. Rg3 Bf5 43. Kf3 Rh3 44. Ng4+ Bxg4+ 1/2-1/2

[Event "Thessaloniki (ol)"]
[Site "?"]
[Date "1988.??.??"]
[Round "?"]
[White "Sax, Gy"]
[Black "Rivas Pastor, M."]
[Result "1/2-1/2"]
[WhiteElo "2600"]
[BlackElo "2505"]
[PlyCount "83"]
[EventDate "1988.??.??"]
[Source "ChessBase"]
[SourceDate "1988.07.01"]

1. e4 e5 2. Nf3 Nc6 3. Bb5 Nf6 4. O-O Nxe4 5. d4 Be7 6. dxe5 O-O 7. Qd5 Nc5 8. Be3 Ne6 9. Nc3 a6 10. Ba4 b5 11. Bb3 Bb7 12. Rad1 d6 13. Qe4 Na5 14. Bd5 Bxd5 15. Nxd5 Nc4 16. Bc1 dxe5 17. Nb6 cxb6 18. Rxd8 Rfxd8 19. b3 Nd6 20. Qxe5 Bf6 21. Qe3 Nc5 22. Qf4 Rac8 23. Nd4 Nce4 24. Be3 Nc3 25. Qf3 Re8 26. Nf5 Nxf5 27. Qxf5 Nxa2 28. Bxb6 Nb4 29. Bc5 Bc3 30. Bxb4 Bxb4 31. g3 g6 32. Qd7 Bc3 33. Qb7 Rcd8 34. Qxa6 b4 35. Qb5 Re6 36. Qc4 Rd2 37. Kg2 Rxc2 38. Kf3 h5 39. h4 Rf6+ 40. Kg2 Kg7 41. Qc5 Rd2 42. Qc4 1/2-1/2

[Event "Open"]
[Site "Andorra"]
[Date "2007.07.03"]
[Round "4.7"]
[White "Lopez Martinez, Josep Manuel"]
[Black "Kosten, Anthony C"]
[Result "1-0"]
[WhiteElo "2563"]
[BlackElo "2517"]
[PlyCount "91"]
[EventDate "2007.06.30"]
[Source "www.chesslib.no"]
[SourceDate "2004.05.04"]

1. e4 e5 2. Nf3 Nc6 3. Bb5 Nf6 4. O-O Nxe4 5. d4 Be7 6. Qe2 Nd6 7. Bxc6 bxc6 8. dxe5 Nf5 9. b3 O-O 10. Bb2 d5 11. c4 Be6 12. Rd1 Qb8 13. cxd5 cxd5 14. Nc3 Qb7 15. Rac1 c5 16. Ba3 Rfc8 17. h3 Rab8 18. g4 Nd4 19. Nxd4 cxd4 20. Nb1 Bxa3 21. Rxc8+ Qxc8 22. Nxa3 h5 23. Nb5 hxg4 24. Nd6 Qc3 25. hxg4 Rb4 26. Kg2 d3 27. Rxd3 Rxg4+ 28. Qxg4 Qxd3 29. Qg3 Qe2 30. Qg5 a5 31. Ne8 Qg4+ 32. Qxg4 Bxg4 33. Kg3 Bf5 34. Nd6 Bb1 35. a3 Ba2 36. b4 axb4 37. axb4 d4 38. Kf3 Bd5+ 39. Ke2 Kf8 40. Kd3 Ke7 41. Kxd4 Be6 42. b5 Kd7 43. Kc5 f6 44. exf6 gxf6 45. b6 Bh3 46. Ne8 1-0

[Event "Kazan RUS"]
[Site "?"]
[Date "2005.09.07"]
[Round "5"]
[White "Kosteniuk Alexandra"]
[Black "Lugovoi Aleksei"]
[Result "1/2-1/2"]
[WhiteElo "2516"]
[BlackElo "2556"]
[PlyCount "58"]
[EventDate "2005.??.??"]
[Source "www.chesslib.no"]
[SourceDate "2004.05.04"]

1. e4 e5 2. Nf3 Nc6 3. Bb5 Nf6 4. O-O Nxe4 5. d4 Be7 6. d5 Nd6 7. Be2 e4 8. dxc6 exf3 9. cxb7 Bxb7 10. Bxf3 O-O 11. Bxb7 Nxb7 12. c4 Bf6 13. Qf3 Na5 14. Nd2 Re8 15. Qd5 c6 16. Qd3 d5 17. cxd5 Qxd5 18. Qxd5 cxd5 19. Rb1 Nc6 20. Nf3 Rab8 21. Rd1 Red8 22. Kf1 h6 23. h3 a6 24. Ne1 Nb4 25. Bf4 Rb5 26. a3 Nc6 27. b4 g5 28. Bg3 Nd4 29. Nd3 Ne6 1/2-1/2

[Event "Zhong Hong Real Estate Cup"]
[Site "Beijing"]
[Date "2001.07.27"]
[Round "8"]
[White "Liang Jinrong"]
[Black "Wu Wenjin"]
[Result "1/2-1/2"]
[WhiteElo "2510"]
[BlackElo "2560"]
[PlyCount "28"]
[EventDate "2001.07.20"]
[Source "ChessBase"]
[SourceDate "2001.11.13"]

1. e4 e5 2. Nf3 Nc6 3. Bb5 Nf6 4. O-O Nxe4 5. d4 Be7 6. dxe5 O-O 7. Qd5 Nc5 8. Be3 a6 9. Bxc5 axb5 10. Bxe7 Qxe7 11. Qxb5 Ra5 12. Qd3 Nxe5 13. Nxe5 Rxe5 14. Nd2 Re6 1/2-1/2

[Event "Kostic mem"]
[Site "?"]
[Date "1977.??.??"]
[Round "8"]
[White "Torre Eugenio"]
[Black "Knezevic Milorad"]
[Result "1/2-1/2"]
[WhiteElo "2550"]
[BlackElo "2500"]
[PlyCount "70"]
[EventDate "1977.??.??"]
[Source "www.chesslib.no"]
[SourceDate "2004.05.04"]

1. e4 e5 2. Nf3 Nc6 3. Bb5 Nf6 4. O-O Nxe4 5. d4 Be7 6. Qe2 Nd6 7. Bxc6 bxc6 8. dxe5 Nb7 9. Re1 O-O 10. Nc3 Nc5 11. Be3 Ne6 12. Rad1 d5 13. exd6 cxd6 14. Nd4 Nxd4 15. Bxd4 Be6 16. Qf3 Qd7 17. Qg3 f6 18. Qe3 Kf7 19. Ne4 Rfe8 20. Qf4 Bd5 21. b3 Bxe4 22. Qxe4 Kg8 23. Qe6+ Qxe6 24. Rxe6 Kf7 25. Rde1 c5 26. Bc3 Rac8 27. Ba5 Bf8 28. Rxe8 Rxe8 29. Rxe8 Kxe8 30. Kf1 d5 31. Ke2 Kd7 32. Kd3 Bd6 33. h3 f5 34. Bd2 Kc6 35. c3 a6 1/2-1/2

[Event "Hyderabad WIPRO"]
[Site "Hyderabad"]
[Date "2000.07.27"]
[Round "12"]
[White "Sandipan, Chanda"]
[Black "Vladimirov, Evgeny"]
[Result "0-1"]
[WhiteElo "2446"]
[BlackElo "2598"]
[PlyCount "86"]
[EventDate "2000.07.16"]
[Source "ChessBase"]
[SourceDate "2000.11.21"]

1. e4 e5 2. Nf3 Nc6 3. Bb5 Nf6 4. O-O Nxe4 5. d4 Be7 6. Re1 Nd6 7. Bxc6 dxc6 8. dxe5 Nf5 9. Bd2 Nd4 10. Bc3 Nxf3+ 11. Qxf3 Qd5 12. Qg3 Be6 13. Nd2 O-O-O 14. Re3 Bf5 15. Rf3 Bxc2 16. Qxg7 Bg6 17. Qh6 Rhg8 18. Re1 Qxa2 19. b3 Qc2 20. Qe3 Kb8 21. Ra1 a6 22. Qe1 Bh5 23. Rc1 Bxf3 24. Rxc2 Bxg2 25. h4 Be4+ 26. Kh2 Bxc2 27. Qe2 Bf5 28. Ne4 Rg4 29. Ng3 Rxh4+ 30. Kg1 Be6 31. Qc2 Rg8 32. Bd2 Bd5 33. Kf1 Rxg3 34. fxg3 Rh1+ 35. Ke2 Rh2+ 36. Kd1 Bb4 37. Bxb4 Rxc2 38. Kxc2 b6 39. Be7 c5 40. Kc3 a5 41. Bf8 Kb7 42. Be7 Kc6 43. Bf6 b5 0-1